00382nam a2200145Ia 450000500170000000800460001703700120006304000200007504100130009508400090010824500640011726000320018130000100021336500130022320250923150041.0008 250917s9999 xx 000 0 eng d aTextual aDSWLbengcDSWL aeng2eng qDSWL 0aEconomic survey 1997-98c by India Manager of Publication  aNew DelhibThe Authorc1998 a263p. aINRb150